|
|
|
|
| LEADER |
00000nam a22000007a 4500 |
| 005 |
20151109130145.0 |
| 007 |
cr|z|| ||u| |
| 008 |
151109s19972012-uszn||os|||| 0|||a1eng d |
| 022 |
|
|
|a 0003-0937
|
| 035 |
|
|
|a 2857
|
| 040 |
|
|
|a vLex
|
| 090 |
|
|
|c 5688
|d 5688
|
| 245 |
1 |
0 |
|a American Scholar
|h [Recurso electrn̤ico] /
|c Phi Beta Kappa Society
|
| 256 |
|
|
|a Servicio en ln̕ea
|
| 260 |
|
|
|a Washington
|b Phi Beta Kappa Society
|c 1997-2012
|
| 300 |
|
|
|a 1 recurso electrn̤ico
|
| 506 |
1 |
|
|a Contenido solo disponible en los productos indicados
|d vLex Global
|d vLex Global (Academic Edition, excluding Law Schools)
|d vLex Global (U.S. Academic Edition, Law Schools)
|d vLex Global (U.S. Academic Edition, excluding Law Schools)
|d vLex Global (Academic Edition, Law Schools)
|
| 650 |
0 |
4 |
|a Aprendizaje
|z Washington
|
| 740 |
0 |
|
|a vLex revista (servicio en ln̕ea)
|
| 856 |
4 |
0 |
|u http://vlex.com/source/american-scholar-2857
|z Acceso restringido
|
| 942 |
|
|
|c REV
|
| 999 |
0 |
|
|a Learning
|